Statistics for my body's made of crushed little stars - mitski lyrics

Click here to take the quiz!

General Stats

  • This quiz has been taken 18 times
  • The average score is 114 of 131

Answer Stats

Answer% Correct
a
100%
body's
100%
crushed
100%
go
100%
i
100%
i'm
100%
little
100%
made
100%
me
100%
my
100%
of
100%
stars
100%
an
93%
and
93%
gonna
93%
how
93%
jerusalem
93%
the
93%
when
93%
would
93%
you
93%
better
86%
deadline
86%
don't
86%
kill
86%
know
86%
not
86%
pay
86%
rent
86%
to
86%
under
86%
work
86%
ace
79%
afraid
79%
anything
79%
can
79%
die
79%
disappear
79%
doing
79%
interview
79%
pick
79%
see
79%
should
79%
tell
79%
that
79%
them
79%
wanna
79%
whole
79%
world
79%
again
71%
age
71%
then
71%
'til
71%
try
71%
come
64%
find
64%
until
64%
uh
43%

Score Distribution

Percentile by Number Answered

Percent of People with Each Score

Your Score History

You have not taken this quiz